Un lieu = Un département français - Statistiques

Statistiques générales
  • Ce quiz a été pris 110 fois
  • Le résultat moyen est 15 sur 20
Statistiques - réponses
Monument Département % Correct
Château de Versailles Yvelines
92%
Mont Blanc Haute-Savoie
91%
Arènes de Nîmes Gard
89%
Alignement de Menhir Morbihan
89%
Fort Boyard Charente-Maritime
88%
Dune du Pyla/Pilat Gironde
88%
Plage du débarquement (6 juin 1944) Calvados
86%
Disneyland Paris Seine-et-Marne
86%
Cité de Carcassonne Aude
84%
Côtes de Granit Rose Côtes-d'Armor
83%
Château des duc de Bretagne Loire-Atlantique
83%
Chaine des Puys Puy-de-Dôme
83%
Piton de la Fournaise Réunion
82%
Viaduc de Millau Aveyron
77%
Grottes de Lascaux Dordogne
73%
La cité de l'Espace Haute-Garonne
73%
Mont Saint Michel Manche
65%
Gouffre de Padirac Lot
63%
Roche de Solutré Saône-et-Loire
38%
Mont 'Orohena Polynésie française
23%
Aucun quiz correspondant
Distribution des résultats
% des personnes avec chaque résultat
Percentile par nombre de réponses
Votre historique - résultats
Vous n’avez pas pris ce quiz